| 000 | 00746nam a2200217 u 4500 | ||
|---|---|---|---|
| 005 | 20240924065248.0 | ||
| 008 | 181004s2017 r 000 0 eng d | ||
| 020 | _a9786077364719 | ||
| 035 | _aUPN01000227062 | ||
| 049 | _aCG | ||
| 050 | 4 |
_aLC191.98 M6 _bR4.8 |
|
| 245 | 0 | 0 |
_aResponsabilidad social universitaria : _bel reto de crear una cultura de los derechos humanos / _ccoord. Reynaldo Robles Martínez ; pról. Jorge Olvera García. |
| 260 |
_aMéxico : _bFontamara, _c2017. |
||
| 300 | _a126 p. | ||
| 440 | 0 |
_aArgumentos ; _v425 |
|
| 650 | 4 |
_aEducación superior _xAspectos sociales _zMéxico _95958 |
|
| 650 | 4 |
_aDerechos humanos _zMéxico _95183 |
|
| 700 | 1 |
_aRobles Martínez, Reynaldo, _ecoord. |
|
| 905 | _aLibro | ||
| 999 |
_c199158 _d199158 |
||